Statistics for US State Capitals Quiz - No Hints

Click here to take the quiz!

General Stats

  • This quiz has been taken 29,569 times
  • The average score is 36 of 50

Answer Stats

State Capital City % Correct
CaliforniaSacramento
92%
New YorkAlbany
87%
GeorgiaAtlanta
87%
TexasAustin
87%
ArizonaPhoenix
86%
FloridaTallahassee
85%
ColoradoDenver
84%
MassachusettsBoston
83%
HawaiiHonolulu
83%
AlaskaJuneau
82%
IndianaIndianapolis
80%
OklahomaOklahoma City
78%
UtahSalt Lake City
77%
IdahoBoise
77%
LouisianaBaton Rouge
76%
OhioColumbus
76%
IllinoisSpringfield
75%
MississippiJackson
75%
ArkansasLittle Rock
75%
TennesseeNashville
74%
North CarolinaRaleigh
73%
WashingtonOlympia
73%
AlabamaMontgomery
72%
New MexicoSanta Fe
72%
OregonSalem
72%
MinnesotaSaint Paul
71%
NevadaCarson City
71%
VirginiaRichmond
70%
MontanaHelena
70%
IowaDes Moines
70%
DelawareDover
69%
WyomingCheyenne
68%
North DakotaBismarck
68%
MaineAugusta
68%
MarylandAnnapolis
67%
KentuckyFrankfort
66%
West VirginiaCharleston
66%
ConnecticutHartford
66%
KansasTopeka
66%
New JerseyTrenton
66%
South DakotaPierre
66%
Rhode IslandProvidence
66%
MichiganLansing
66%
NebraskaLincoln
66%
South CarolinaColumbia
66%
VermontMontpelier
65%
WisconsinMadison
65%
PennsylvaniaHarrisburg
64%
MissouriJefferson City
61%
New HampshireConcord
58%

Score Distribution

Percentile by Number Answered

Percent of People with Each Score

Your Score History

You have not taken this quiz